Fortnite Battle Pass Skins Quiz - Statistics

General Stats
  • This quiz has been taken 133 times
    32 since last reset
  • The average score is 56 of 293
Answer Stats
Battle Pass Answer % Correct
Chapter 1 Season 2 Black Knight
64%
Chapter 1 Season 2 Blue Squire
50%
Chapter 1 Season 5 Drift
50%
Chapter 2 Season 2 Midas
50%
Chapter 1 Season 8 Peely
50%
Chapter 1 Season 7 The Ice King
50%
Chapter 1 Season 3 The Reaper
50%
Chapter 1 Season 6 Calamity
45%
Chapter 1 Season 7 Lynx
45%
Chapter 1 Season 4 Omega
45%
Chapter 1 Season 2 Sparkle Specialist
45%
Chapter 1 Season 5 Ragnarok
41%
Chapter 3 Season 1 Spider-Man
41%
Chapter 3 Season 1 (secret) The Foundation
41%
Chapter 1 Season 4 Battlehawk
36%
Chapter 1 Season 3 Dark Voyager
36%
Chapter 2 Season 2 (secret) Deadpool
36%
Chapter 1 Season 6 Dire
36%
Chapter 2 Season 2 Meowscles
36%
Chapter 1 Season 7 Onesie
36%
Chapter 5 Season 1 Peter Griffin
36%
Chapter 1 Season 9 Rox
36%
Chapter 5 Season 3 Rust
36%
Chapter 1 Season 4 Teknique
36%
Chapter 1 Season 7 (secret) The Prisoner
36%
Chapter 1 Season 4 (secret) The Visitor
36%
Chapter 2 Season 4 Tony Stark
36%
Chapter 1 Season 7 Zenith
36%
Chapter 2 Season 2 Agent Peely
32%
Chapter 1 Season 6 (secret) A.I.M.
32%
Chapter 2 Season 2 Brutus
32%
Chapter 1 Season 9 Bunker Jonesy
32%
Chapter 1 Season 4 Carbide
32%
Chapter 1 Season 6 DJ Yonder
32%
Chapter 2 Season 4 Doctor Doom
32%
Chapter 3 Season 2 Doctor Strange
32%
Chapter 1 Season 3 Elite Agent
32%
Chapter 1 Season 8 Hybrid
32%
Chapter 2 Season 3 Jules
32%
Chapter 2 Season 7 Rick Sanchez
32%
Chapter 1 Season 3 Rust Lord
32%
Chapter 1 Season 8 Sidewinder
32%
Chapter 2 Season 2 Skye
32%
Chapter 2 Season 2 TNTina
32%
Chapter 1 Season 7 Trog
32%
Chapter 2 Season 4 (secret) Wolverine
32%
Chapter 1 Season 4 Zoey
32%
Chapter 2 Season 6 Agent Jones
27%
Chapter 2 Season 3 (secret) Aquaman
27%
Chapter 1 Season 8 Blackheart
27%
Chapter 7 Season 2 Bugs Bunny
27%
Chapter 2 Season 7 (secret) Clark Kent
27%
Chapter 5 Season 4 (secret) Doom
27%
Chapter 1 Season 6 Dusk
27%
Chapter 1 Season 5 (secret) Enforcer
27%
Chapter 1 Season 6 Fable
27%
Chapter 2 Season 1 Fusion
27%
Chapter 1 Season 6 Giddy-Up
27%
Chapter 2 Season 4 Groot
27%
Chapter 5 Season 1 Hope
27%
Chapter 1 Season 5 Huntress
27%
Chapter 1 Season 8 Luxe
27%
Chapter 2 Season 5 Mandalorian
27%
Chapter 7 Season 1 Marty McFly
27%
Chapter 1 Season 6 Nightshade
27%
Chapter 1 Season 7 Powder
27%
Chapter 1 Season 5 Redline
27%
Chapter 1 Season 5 Rook
27%
Chapter 1 Season 2 Royale Knight
27%
Chapter 1 Season 7 Sgt. Winter
27%
Chapter 1 Season 5 Sun Strider
27%
Chapter 6 Season 3 (secret) Superman
27%
Chapter 1 Season X (secret) The Scientist
27%
Chapter 2 Season 4 Thor
27%
Chapter 1 Season 9 Vendetta
27%
Chapter 5 Season 4 War Machine
27%
Chapter 1 Season X YOND3R
27%
Chapter 5 Season 2 Zeus
27%
Chapter 2 Season 7 Zyg
27%
Chapter 5 Season 2 Aphrodite
23%
Chapter 2 Season 8 Carnage
23%
Chapter 5 Season 2 Cerberus
23%
Chapter 2 Season 7 Doctor Slone
23%
Chapter 1 Season 8 Ember
23%
Chapter 6 Mini-Season 1 Emperor Palpatine
23%
Chapter 1 Season X Eternal Voyager
23%
Chapter 3 Season 3 Evie
23%
Chapter 2 Season 3 Fade
23%
Chapter 5 Season 4 Gwenpool
23%
Chapter 5 Season 2 Hades
23%
Chapter 6 Mini-Season 2 Homer Simpson
23%
Chapter 2 Season 4 Jennifer Walters
23%
Chapter 2 Season 6 Lara Croft
23%
Chapter 2 Season 5 Mancake
23%
Chapter 1 Season 8 Master Key
23%
Chapter 1 Season 3 Moonwalker
23%
Chapter 2 Season 4 Mystique
23%
Chapter 2 Season 6 (secret) Neymar Jr
23%
Chapter 5 Season 1 Oscar
23%
Chapter 5 Season 4 Peelverine
23%
Chapter 2 Season 5 (secret) Predator
23%
Chapter 2 Season 6 Rebirth Raven
23%
Chapter 2 Season 5 Reese
23%
Chapter 4 Season OG Renegade Lynx
23%
Chapter 2 Season 1 Rippley vs Sludge
23%
Chapter 1 Season 8 (secret) Ruin
23%
Chapter 2 Season 3 Scuba Jonesy
23%
Chapter 1 Season 9 Sentinel
23%
Chapter 1 Season 9 (secret) Singularity
23%
Chapter 1 Season 5 Sledgehammer
23%
Chapter 5 Season 1 (secret) Solid Snake
23%
Chapter 1 Season 4 Squad Leader
23%
Chapter 2 Season 4 Storm
23%
Chapter 7 Season 1 The Bride
23%
Chapter 3 Season 2 The Imagined
23%
Chapter 2 Season 1 Turk vs Riptide
23%
Chapter 1 Season X Ultima Knight
23%
Chapter 1 Season 4 Valor
23%
Chapter 1 Season 9 Vega
23%
Chapter 1 Season X X-Lord
23%
Chapter 5 Season 2 Artemis
18%
Chapter 1 Season X Catalyst
18%
Chapter 2 Season 6 Cluck
18%
Chapter 3 Season 3 Darth Vader
18%
Chapter 1 Season 9 Demi
18%
Chapter 5 Season 4 Emma Frost
18%
Chapter 2 Season 3 Eternal Knight
18%
Chapter 2 Season 2 Gear Specialist Maya
18%
Chapter 6 Mini-Season 1 (secret) General Grievous
18%
Chapter 4 Season 1 (secret) Geralt of Rivia
18%
Chapter 3 Season 3 (secret) Indiana Jones
18%
Chapter 2 Season 7 Joey
18%
Chapter 2 Season 3 Kit
18%
Chapter 2 Season 8 Kor
18%
Chapter 2 Season 5 Lexa
18%
Chapter 4 Season OG Lil Split
18%
Chapter 4 Season 4 Mae
18%
Chapter 6 Mini-Season 2 Marge Simpson
18%
Chapter 1 Season 3 Mission Specialist
18%
Chapter 6 Mini-Season 2 Ned Flanders
18%
Chapter 5 Season 1 Nisha
18%
Chapter 2 Season 3 Ocean
18%
Chapter 4 Season OG Omegarok
18%
Chapter 4 Season 3 Optimus Prime
18%
Chapter 6 Season 2 (secret) Outlaw Midas
18%
Chapter 5 Season 2 Poseidon
18%
Chapter 3 Season 2 (secret) Prowler
18%
Chapter 2 Season 6 Raz
18%
Chapter 2 Season 1 Remedy vs Toxin
18%
Chapter 1 Season X Sparkle Supreme
18%
Chapter 2 Season 6 Spire Assassin
18%
Chapter 1 Season 9 Stratus
18%
Chapter 6 Mini-Season 1 Wookie Team Leader
18%
Chapter 2 Season 1 8-Ball vs Scratch
14%
Chapter 4 Season 4 Antonia
14%
Chapter 6 Mini-Season 1 Apprentice Evie
14%
Chapter 6 Season 2 Big Dill
14%
Chapter 2 Season 1 Cameo vs Chic
14%
Chapter 5 Season 4 Captain Jones
14%
Chapter 2 Season 8 Charlotte
14%
Chapter 4 Season 1 Doom Slayer
14%
Chapter 4 Season 1 Dusty
14%
Chapter 2 Season 8 Fabio Sparklemane
14%
Chapter 4 Season 4 Fish Thicc
14%
Chapter 6 Season 1 (secret) Godzilla Evolved
14%
Chapter 6 Season 4 Green Ranger
14%
Chapter 2 Season 7 Guggimon
14%
Chapter 3 Season 2 Gunnar
14%
Chapter 6 Season 1 Jade
14%
Chapter 2 Season 1 Journey vs Hazard
14%
Chapter 6 Season 1 Kendo
14%
Chapter 4 Season 4 Khaby Lame
14%
Chapter 2 Season 5 Kondor
14%
Chapter 5 Season 2 (secret) Korra
14%
Chapter 2 Season 7 Kymera
14%
Chapter 4 Season 3 Lorenzo
14%
Chapter 3 Season 1 Lt. John Llama
14%
Chapter 2 Season 5 Mave
14%
Chapter 2 Season 5 Menace
14%
Chapter 2 Remix Meowdas
14%
Chapter 5 Season 4 Mysterio
14%
Chapter 5 Season 3 Peabody
14%
Chapter 6 Mini-Season 1 Poe Dameron
14%
Chapter 6 Season 3 Robin
14%
Chapter 3 Season 1 Ronin
14%
Chapter 3 Season 1 Shanta
14%
Chapter 5 Season 4 Shuri
14%
Chapter 2 Season 3 Siona
14%
Chapter 2 Season 1 (secret) Sorana
14%
Chapter 4 Season OG Spectra Knight
14%
Chapter 3 Season 4 Spider-Gwen
14%
Chapter 6 Season 2 Sub-Zero (MK3)
14%
Chapter 2 Season 7 Sunny
14%
Chapter 5 Season 3 T-60 Power Armor
14%
Chapter 2 Season 6 Tarana
14%
Chapter 2 Season 8 (secret) The Cube Queen
14%
Chapter 3 Season 4 (secret) The Herald
14%
Chapter 3 Season 2 The Origin
14%
Chapter 1 Season X Tilted Teknique
14%
Chapter 2 Season 8 Toona Fish
14%
Chapter 2 Season 8 Torin
14%
Chapter 6 Season 2 Valentina
14%
Chapter 5 Season 1 Valeria
14%
Chapter 5 Season 3 (secret) Wastelander Magneto
14%
Chapter 6 Season 3 Ziggy
14%
Chapter 2 Remix 1-Ball
9%
Chapter 3 Season 3 Adira
9%
Chapter 4 Season 4 (secret) Ahsoka Tano
9%
Chapter 5 Season 3 Brite Raider
9%
Chapter 3 Season 4 Bytes
9%
Chapter 6 Season 2 Cassidy Quinn
9%
Chapter 2 Remix Chaos Director
9%
Chapter 6 Season 1 Daigo
9%
Chapter 7 Season 1 Dark Voyager (Reality Redacted)
9%
Chapter 7 Season 2 Dasha
9%
Chapter 2 Remix (secret) Dynamo TNTina
9%
Chapter 7 Season 2 Elite Jules
9%
Chapter 4 Season 3 Era
9%
Chapter 3 Season 2 Erisa
9%
Chapter 6 Season 2 Fletcher Kane
9%
Chapter 3 Season 4 Grriz
9%
Chapter 3 Season 1 Gumbo
9%
Chapter 3 Season 1 Harlowe
9%
Chapter 3 Season 1 Haven
9%
Chapter 6 Season 3 Haylee Skye
9%
Chapter 4 Season 1 Helsie
9%
Chapter 6 Season 1 Hero Baymax
9%
Chapter 4 Season 2 Highwire
9%
Chapter 4 Season 2 Imani
9%
Chapter 6 Season 2 Joss
9%
Chapter 4 Season 4 Kado Thorne
9%
Chapter 6 Season 2 Keisha Cross
9%
Chapter 3 Season 2 Kiara K.O.
9%
Chapter 7 Season 2 Lady Windfrost
9%
Chapter 3 Season 4 Lennox Rose
9%
Chapter 6 Season 3 Lightrider
9%
Chapter 3 Season 3 Malik
9%
Chapter 4 Season 3 Mariposa
9%
Chapter 4 Season 1 Massai
9%
Chapter 5 Season 2 Medusa
9%
Chapter 5 Season 3 Megalo Don
9%
Chapter 3 Season 4 Meow Skulls
9%
Chapter 4 Season 2 Mizuki
9%
Chapter 5 Season 1 Montague
9%
Chapter 6 Season 3 Morgan Myst
9%
Chapter 4 Season 2 Mystica
9%
Chapter 4 Season 1 Nezumi
9%
Chapter 4 Season 4 Nolan Chance
9%
Chapter 6 Season 1 Nyanja
9%
Chapter 4 Season 4 Piper Pace
9%
Chapter 4 Season 3 (secret) Purradise Meowscles
9%
Chapter 4 Season 3 Relik
9%
Chapter 4 Season 2 Renzo the Destroyer
9%
Chapter 4 Season 3 Rian
9%
Chapter 5 Season 3 Ringmaster Scarr
9%
Chapter 3 Season 3 Sabina
9%
Chapter 4 Season 1 Selene
9%
Chapter 6 Season 1 Shadow Blade Hope
9%
Chapter 3 Season 3 Snap
9%
Chapter 6 Mini-Season 2 (secret) Springfielder Peely
9%
Chapter 7 Season 2 Squibbly
9%
Chapter 3 Season 3 Stormfarer
9%
Chapter 4 Season 2 Stray
9%
Chapter 4 Season 1 The Ageless
9%
Chapter 5 Season 3 The Machinist
9%
Chapter 6 Season 1 The Night Rose
9%
Chapter 7 Season 2 The Order (Reforged)
9%
Chapter 4 Season 2 Thunder
9%
Chapter 4 Season 3 Trace
9%
Chapter 3 Season 2 Tsuki 2.0
9%
Chapter 3 Season 4 Twyn
9%
Chapter 2 Remix Undercover Skye
9%
Chapter 5 Season 1 Vengeance Jones
9%
Chapter 6 Season 4 Agent Patch
5%
Chapter 6 Season 4 Battle Gamer Mae
5%
Chapter 7 Season 1 Carina
5%
Chapter 7 Season 1 Carter Wu
5%
Chapter 7 Season 1 Cat Holloway
5%
Chapter 6 Season 4 (secret) Dino Megazord
5%
Chapter 4 Season 2 (secret) Eren Jaeger
5%
Chapter 2 Season 8 J.B. Chimpanski
5%
Chapter 6 Season 3 Killswitch
5%
Chapter 7 Season 1 Kingston
5%
Chapter 6 Season 4 Lt. Ripp Slade
5%
Chapter 7 Season 1 Miles Cross
5%
Chapter 6 Season 4 Onyx Winter
5%
Chapter 3 Season 4 Paradigm (Reality-659)
5%
Chapter 6 Season 3 Synthwave
5%
Chapter 6 Season 4 UNSC Spartan
5%
Chapter 6 Season 4 Yoo-Mi
5%
Chapter 6 Mini-Season 2 Blinky Fishstick
0%
Chapter 7 Season 2 Exalted Ice King
0%
Chapter 7 Season 2 The Foundation (Reforged)
0%
No matching quizzes found
Score Distribution
Percent of People with Each Score
Percentile by Number Answered
Your Score History
You have not taken this quiz since the last reset